000 00905nas a22002417a 4500
007 ta
008 240207e20240207xxk|||||o|||| 00| 0 eng d
041 _aeng
100 _aStrong, Gary
245 _aWhy is defining height and storeys now so difficult?
490 _aRICS Built Environment Journal
_v6 February 2024
520 _aThe seemingly straightforward metrics of building height have become frustratingly complex – yet are essential to the new safety regime in England
650 _aBUILDING CONTROL
650 _aBUILDING SAFETY ACT 2022
650 _aBUILDING HEIGHT
650 _aCLADDING
650 _aFIRE SAFETY
650 _aHIGHER-RISK BUILDINGS
651 _aUnited Kingdom
690 _96222
_aBuilding control
700 _aStrong, Gary
856 _uhttps://ww3.rics.org/uk/en/journals/built-environment-journal/building-height-storeys-definitions.html
_zAvailable online
999 _c121795
_d121795